| 000 | 00402nam a22001337a 4500 | ||
|---|---|---|---|
| 040 | _cNUST | ||
| 082 | _a200 THE | ||
| 100 |
_aNabeel Hasan _984918 |
||
| 110 |
_a Supervisor Dr. Muwahida Liaquat _984919 |
||
| 245 | _aTH-SOF-1846-Development of New Frequency Weighted Model Reduction Technique | ||
| 260 |
_aISLAMABAD: _bNUST COLLEGE OF EME, _c2021. |
||
| 650 |
_aMS-ELECT-17 _984920 |
||
| 942 |
_2ddc _cTHE |
||
| 999 |
_c586856 _d586856 |
||